000 01387nam a2200349Ia 4500
001 ebr10385863
003 CaPaEBR
006 m u
007 cr cn|||||||||
008 091120s2010 enka sb 001 0 eng d
020 _z9780470058145 (hbk.)
020 _z0470058145 (hbk.)
040 _aCaPaEBR
_cCaPaEBR
035 _a(OCoLC)642206155
050 1 4 _aQK570.25
_b.B45 2010eb
082 0 4 _a579.8176
_222
100 1 _aBellinger, E. G.
245 1 0 _aFreshwater algae
_h[electronic resource] :
_bidentification and use as bioindicators /
_cEdward G. Bellinger and David C. Sigee.
260 _aOxford ;
_aHoboken, NJ :
_bWiley-Blackwell,
_cc2010.
300 _aviii, 271 p. :
_bill. (some col.)
504 _aIncludes bibliographical references and index.
533 _aElectronic reproduction.
_bPalo Alto, Calif. :
_cebrary,
_d2011.
_nAvailable via World Wide Web.
_nAccess may be limited to ebrary affiliated libraries.
650 0 _aFreshwater algae.
650 0 _aFreshwater algae
_vIdentification.
650 0 _aFreshwater algae
_xEcology.
650 0 _aIndicators (Biology)
650 0 _aWater quality biological assessment.
655 7 _aElectronic books.
_2local
700 1 _aSigee, D. C.
710 2 _aebrary, Inc.
856 4 0 _uhttp://site.ebrary.com/lib/rucke/Doc?id=10385863
_zAn electronic book accessible through the World Wide Web; click to view
999 _c205223
_d205223